| 000 | 01136nam a2200265 a 4500 | ||
|---|---|---|---|
| 001 | 49729 | ||
| 003 | BD-RjUL | ||
| 005 | 20211209054723.0 | ||
| 008 | 160822s1959 BG ||||| |||| 00| 0 ben d | ||
| 020 | _c: PRs. 2.50 | ||
| 035 | _a(BD-RjUL)49849 | ||
| 040 |
_aBD-RjUL _bben _cBD-RjUL |
||
| 041 | _aben | ||
| 082 |
_223 _a891.441 _bKOM 1959 |
||
| 100 | 1 |
_aকবীর, মুহম্মদ _9146439 |
|
| 245 | 1 | 0 |
_aমধুমালতী / _cমুহম্মদ কবীর বিরচিত ; সম্পাদক আহমদ শরীফ |
| 260 |
_aঢাকা : _bবাঙলা একাডেমী, _c১৯৫৯ |
||
| 300 |
_aক-ফ, ৬০ পৃ ; _c২৩ সেমি. |
||
| 490 |
_aপ্রাচীন-সাহিত্য-সংরক্ষণ-গ্রন্হমালা ; _v২ |
||
| 650 |
_aবাংলা কবিতা _9146440 |
||
| 650 |
_aBengali Poetry _9146441 |
||
| 700 |
_aশরীফ, আহমদ, সম্পাদক _9233395 |
||
| 830 |
_aপ্রাচীন-সাহিত্য-সংরক্ষণ-গ্রন্হমালা ; _v২ _9233396 |
||
| 942 |
_2ddc _cBK |
||
| 999 |
_c49729 _d49729 |
||